Australië Trivia Quiz - Statistieken

Algemene statistieken
  • Deze quiz is 1.123 keer genomen
  • De gemiddelde score is 8 van 19
Antwoordstatistieken
Hint Antwoord % Correct
Meest bevolkte stad Sydney
95%
Hoofdstad Canberra
92%
's Werelds grootste koraalrif Great {Barrier} Reef
78%
Grootste eiland Tasmanië
75%
De inheemse bevolking van het Australische vasteland Aborigines
62%
Dieren die op het wapenschild voorkomen Kangoeroe
61%
Staat die begint met Q Queensland
59%
Term voor de uitgestrekte, afgelegen binnengebieden van Australië De {Outback}
46%
Mierenegels zijn een soort eierleggende zoogdieren, wat is de enige andere soort? Vogelbekdier
44%
Naam die de Nederlandse ontdekkingsreiziger Abel Tasman aan Australië gaf Nieuw {Holland}
34%
Bezienswaardigheid die ook bekend staat als Ayers Rock Uluru
32%
Dieren die op het wapenschild voorkomen Emoe
26%
Vakantie gevierd op 26 januari {Australië}dag
24%
Wat je niet zal vinden in de Nullarborvlakte in Zuid-Australië Bomen
22%
Nationale edelsteen Opaal
21%
Bekend merk van smeerbaar gistextract Vegemite
19%
Soms het meest giftige wezen ter wereld genoemd Doos{kwal}
17%
Net als het bovenstaande, maar niet zo afgelegen De {Bush}
14%
Volkslied Advance Australia {Fair}
11%
Geen overeenkomende quizzen gevonden
Scoreverdeling
Procent van Mensen met Elke Score
Percentiel versus Aantal Correcte Antwoorden
Uw Scoregeschiedenis
U heeft deze quiz nog niet genomen